000 00294nam a22001337a 4500
008 181015b xxu||||| |||| 00| 0 eng d
020 _a9780071444415
041 _aeng
080 _216th
_a610
100 _a4
101 _aSHM
245 _aManual of Medicine
_cKasper,D.L
942 _2udc
_cBK
999 _c49706
_d49706